<?xml version="1.0" encoding="UTF-8"?>
<record
    xmlns:xsi="http://www.w3.org/2001/XMLSchema-instance"
    xsi:schemaLocation="http://www.loc.gov/MARC21/slim http://www.loc.gov/standards/marcxml/schema/MARC21slim.xsd"
    xmlns="http://www.loc.gov/MARC21/slim">

  <leader>00961nam a2200301Ia 4500</leader>
  <datafield tag="952" ind1=" " ind2=" ">
    <subfield code="0">0</subfield>
    <subfield code="1">0</subfield>
    <subfield code="2">LCC</subfield>
    <subfield code="4">0</subfield>
    <subfield code="7">0</subfield>
    <subfield code="a">GETS</subfield>
    <subfield code="b">GETS</subfield>
    <subfield code="c">GEN</subfield>
    <subfield code="d">2020-10-30</subfield>
    <subfield code="l">0</subfield>
    <subfield code="o">BS580.J6 .M49 1994</subfield>
    <subfield code="p">00004552</subfield>
    <subfield code="r">2020-10-30 00:00:00</subfield>
    <subfield code="w">2020-10-30</subfield>
    <subfield code="y">CB</subfield>
  </datafield>
  <datafield tag="999" ind1=" " ind2=" ">
    <subfield code="c">30461</subfield>
    <subfield code="d">30461</subfield>
  </datafield>
  <controlfield tag="003">OSt</controlfield>
  <controlfield tag="005">20201030125759.0</controlfield>
  <controlfield tag="008">200901s9999||||xx |||||||||||||| ||und||</controlfield>
  <datafield tag="020" ind1=" " ind2=" ">
    <subfield code="a">9780941598385</subfield>
  </datafield>
  <datafield tag="040" ind1=" " ind2=" ">
    <subfield code="c">GETS</subfield>
  </datafield>
  <datafield tag="041" ind1=" " ind2=" ">
    <subfield code="a">chi</subfield>
    <subfield code="h">eng</subfield>
  </datafield>
  <datafield tag="050" ind1=" " ind2=" ">
    <subfield code="a">BS580.J6</subfield>
    <subfield code="b">.M49 1987</subfield>
  </datafield>
  <datafield tag="100" ind1=" " ind2=" ">
    <subfield code="a">Meyer, Frederick Brotherton</subfield>
  </datafield>
  <datafield tag="245" ind1=" " ind2="0">
    <subfield code="a">&#x7D04;&#x745F;&#xFF1A;</subfield>
    <subfield code="b">&#x4E00;&#x500B;&#x88AB;&#x611B;.&#x88AB;&#x618E;.&#x88AB;&#x9AD8;&#x8209;&#x7684;&#x4EBA; /</subfield>
    <subfield code="c">&#x9081;&#x723E; ( Frederick Brotherton Meyer) &#x8457;; &#x56B4;&#x5F69;&#x7407;&#x8B6F;</subfield>
  </datafield>
  <datafield tag="246" ind1=" " ind2=" ">
    <subfield code="a">&#x7EA6;&#x745F;&#xFF1A;</subfield>
    <subfield code="b">&#x4E00;&#x4E2A;&#x88AB;&#x7231;.&#x88AB;&#x618E;.&#x88AB;&#x9AD8;&#x4E3E;&#x7684;&#x4EBA;/</subfield>
  </datafield>
  <datafield tag="250" ind1=" " ind2=" ">
    <subfield code="a">4th ed.</subfield>
  </datafield>
  <datafield tag="260" ind1=" " ind2=" ">
    <subfield code="a">&#x9999;&#x6E2F;:</subfield>
    <subfield code="b">&#x7F8E;&#x570B;&#x6D3B;&#x6CC9;&#x51FA;&#x7248;,</subfield>
    <subfield code="c">1994, c1987</subfield>
  </datafield>
  <datafield tag="300" ind1=" " ind2=" ">
    <subfield code="a">iv, 150 p.</subfield>
    <subfield code="b">;</subfield>
    <subfield code="c">18 cm.</subfield>
  </datafield>
  <datafield tag="490" ind1=" " ind2=" ">
    <subfield code="a">&#x9081;&#x723E;&#x8056;&#x7D93;&#x4EBA;&#x7269;&#x50B3;</subfield>
  </datafield>
  <datafield tag="500" ind1=" " ind2=" ">
    <subfield code="a">Translation of:&#xA0;Joseph: beloved, hated, exalted.</subfield>
  </datafield>
  <datafield tag="650" ind1=" " ind2=" ">
    <subfield code="a">Bible. -- Old Testament -- Biography.</subfield>
  </datafield>
  <datafield tag="650" ind1=" " ind2=" ">
    <subfield code="a">Biography &amp; Autobiography -- Religious.</subfield>
  </datafield>
  <datafield tag="650" ind1=" " ind2=" ">
    <subfield code="a">Joseph -- (Son of Jacob).</subfield>
  </datafield>
  <datafield tag="700" ind1=" " ind2=" ">
    <subfield code="a">&#x56B4;&#x5F69;&#x7407;</subfield>
  </datafield>
  <datafield tag="700" ind1=" " ind2=" ">
    <subfield code="a">&#x9081;&#x723E;</subfield>
  </datafield>
  <datafield tag="942" ind1=" " ind2=" ">
    <subfield code="c">CB</subfield>
  </datafield>
  <datafield tag="949" ind1=" " ind2=" ">
    <subfield code="v">v.3</subfield>
  </datafield>
</record>
